• 首页
  • 本馆介绍
  • 公告通知
  • 最新文献
  • 馆藏检索
  • 电子资源
  • 读者导购
  • 参考咨询
  • 我的图书馆
  • 登录
  • 详细信息显示
  • 放入我的书架
  • 预约/预借图书
  • 作者相关作品
  • 分类相关作品
  • 丛书相关作品
  • 出版社相关作品

书目信息

  • 表格格式
  • 工作单格式
  • 卡片格式
书名: Civil procedure
作者: Stephen C. Yeazell.
分册号:
分册名:
出版地: Gaithersburg :
 
出版社: Aspen Law & Business
出版时间: c2000.
页数: xxix, 1043 ;
开本: 24 cm.
丛书名:
中图分类号:
科图分类号:
其他分类号: D971.251
主题词:
电子资源:
000 01039cam a22002894a 450
001 E0734586508
005 20070315093849.35
008 990927s2000 mdu b 001 0 eng
010    @a99049477
020    @a0735512418 :@cUSD44.00.
040    @aDLC@cDLC@dDLC
042    @apcc
043    @an-us---
050 00 @aKF8839@b.Y43 2000
082 00 @a347.73/5@2 21
090    @aD971.251
099    @dD971.251@ex27=5
100 1  @aYeazell, Stephen C.
245 10 @aCivil procedure / @cStephen C. Yeazell.
250    @a5th ed.
260    @aGaithersburg :@bAspen Law & Business,@cc2000.
300    @axxix, 1043 ;@c24 cm.
504    @aIncludes bibliographical references (p. 1031-1034) and index.
650  0 @aCivil procedure@zUnited States@vCases.
906    @a7@bcbc@corignew@d1@eocip@f19@gy-gencatlg
925 0  @aacquire@b2 shelf copies@xDLR 03-31-00
955    @ato SSCD pc01 09-27-99; sg31 09-28-99; sg18 09-28-99; sg12 09-28-99 to Dewey; aa05 09-29-99; CIP ver. sg24 03-25-00; sg77 03-31-00 to BCCD ; ps04 11-24-00 Copy 2 to BCCD
    
    Civil procedure / / Stephen C. Yeazell.-5th ed.-Gaithersburg : : Aspen Law & Business, , c2000.
    xxix, 1043 ; ; 24 cm.
    Includes bibliographical references (p. 1031-1034) and index.
    
    ISBN 0735512418 :USD44.00.
    
●
相关链接 在E读中查询图书 在五车中查询图书 在当当中查询图书 在豆瓣中查询图书


正题名:Civil procedure     索取号:D971.251/x27=5         预约/预借

序号 登录号 条形码 馆藏地/架位号 状态 备注
1 0001908   300019085   第四借阅区/ [索取号:D971.251/x27=5] 在馆    
2 0002694   300026941   第二样本阅览室/ [索取号:D971.251/x27=5] 在馆    
3 0002695   300026950   第四借阅区/ [索取号:D971.251/x27=5] 在馆    
唐山师范学院图书馆 欢迎您!
大连网信软件有限公司© 版权所有